[Event "Championnat de France 2022"]
[Site "ALBI, France"]
[Date "2022.08.19"]
[Round "7.1"]
[White "Greuthier, Alois"]
[Black "Bourgoin, Cecile"]
[Result "1-0"]
[WhiteElo "1715"]
[BlackElo "1679"]
[PlyCount "149"]
[EventDate "2022.??.??"]

1. e4 e6 {170} 2. d4 {2} d5 {4} 3. Nc3 {5} Nf6 {22} 4. e5 {3} Nfd7 {27} 5. f4 {
8} c5 {12} 6. Nf3 {3} Nc6 {65} 7. Be3 {8} cxd4 {198} 8. Nxd4 {8} Nxd4 {683} 9.
Bxd4 {45} a6 {113} 10. a3 {63} Bc5 {289} 11. Qd2 {25} Bxd4 {87} 12. Qxd4 {3}
Qb6 {154} 13. Qxb6 {109} Nxb6 {7} 14. h4 {11} Bd7 {173} 15. O-O-O {233} h5 {104
} 16. Rh3 {242} g6 {195} 17. Be2 {201} Ke7 {145} 18. b3 {703} Rac8 {185} 19.
Kb2 {17} Bc6 {104} 20. Bf3 {47} Rhd8 {118} 21. Ne2 {34} Nd7 {226} 22. g4 {258}
hxg4 {77} 23. Bxg4 {2} Nc5 {143} 24. Nd4 {395} Ne4 {413} 25. Rh2 {36} Nc5 {228}
26. h5 {343} gxh5 {66} 27. Rxh5 {292} Rg8 {64} 28. Be2 {29} Nd7 {229} 29. Rdh1
{128} Rg2 {373} 30. Rh8 {388} Rxh8 {297} 31. Rxh8 {2} Rf2 {44} 32. Rh4 {107} a5
{35} 33. a4 {64} Nf8 {91} 34. Bd3 {132} f6 {66} 35. exf6+ {235} Kxf6 {5} 36.
Ka3 {569} Be8 {95} 37. Rh8 {433} Ke7 {39} 38. Rh4 {252} Bg6 {64} 39. Bxg6 {21}
Nxg6 {5} 40. Rh7+ {3} Kd6 {155} 41. Rxb7 {49} Nxf4 {26} 42. b4 {150} e5 {447}
43. bxa5 {790} exd4 {1635} 44. a6 {65} Kc6 {14} 45. Rf7 {458} Re2 {44} 46. a7 {
58} Re8 {10} 47. Rxf4 {39} Ra8 {38} 48. Rf7 {43} Kb6 {132} 49. Kb4 {54} Rc8 {
170} 50. a5+ {229} Ka6 {8} 51. Rc7 {22} Ra8 {43} 52. Kc5 {26} Kxa5 {162} 53.
Kxd4 {70} Kb6 {16} 54. Rh7 {174} Kc6 {17} 55. Rh6+ {64} Kb7 {10} 56. Rh1 {188}
Kc6 {13} 57. Ra1 {10} Kc7 {125} 58. Kxd5 {24} Kb7 {89} 59. Kc5 {28} Rc8+ {10}
60. Kb5 {14} Ka8 {19} 61. c4 {155} Re8 {59} 62. c5 {66} Rc8 {39} 63. Ra6 {86}
Rc7 {64} 64. Kc4 {261} Rd7 {34} 65. Kb5 {57} Rc7 {13} 66. Ra2 {487} Rc8 {25}
67. Ra3 {5} Rc7 {6} 68. Ra6 {82} Rc8 {56} 69. Rh6 {44} Kxa7 {32} 70. Rh7+ {22}
Ka8 {18} 71. Kb6 {21} Kb8 {31} 72. Rg7 {43} Ka8 {8} 73. c6 {15} Rf8 {104} 74.
Ra7+ {24} Kb8 {47} 75. Rg7 {13} 1-0

[Event "Championnat de France 2022"]
[Site "ALBI, France"]
[Date "2022.08.19"]
[Round "7.2"]
[White "Lion, Pierre"]
[Black "Grulier, Ernest"]
[Result "0-1"]
[WhiteElo "1690"]
[BlackElo "1712"]
[PlyCount "76"]
[EventDate "2022.??.??"]

1. e4 {1} c5 {24} 2. Nf3 {13} d6 {7} 3. d4 {4} cxd4 {8} 4. Nxd4 {3} Nf6 {11} 5.
Nc3 {4} a6 {7} 6. Bg5 {14} Nbd7 {21} 7. Qf3 {71} Qc7 {320} 8. O-O-O {206} g6 {
951} 9. Be2 {506} Bg7 {44} 10. h4 {39} h5 {263} 11. Qe3 {401} b5 {564} 12. f4 {
409} Bb7 {403} 13. Bxf6 {201} Bxf6 {267} 14. Nd5 {194} Bxd5 {39} 15. exd5 {11}
Nb6 {388} 16. Qe4 {656} Rc8 {438} 17. Kb1 {456} Nc4 {445} 18. Bxc4 {736} Qxc4 {
145} 19. f5 {57} Rg8 {91} 20. Rhe1 {240} Rc5 {146} 21. Nc6 {591} Qxe4 {138} 22.
Rxe4 {11} gxf5 {82} 23. Re2 {484} Kd7 {130} 24. Rde1 {213} e6 {111} 25. Nb4 {58
} a5 {58} 26. dxe6+ {3} fxe6 {10} 27. Nd3 {35} Rc4 {102} 28. Rxe6 {32} Bxh4 {8}
29. R1e2 {36} Rxg2 {51} 30. Rxd6+ {36} Kxd6 {18} 31. Rxg2 {3} Rg4 {41} 32. Rxg4
{98} fxg4 {28} 33. Kc1 {36} g3 {395} 34. Ne1 {3} Bf6 {69} 35. Kd2 {85} h4 {22}
36. Ke2 {12} h3 {19} 37. Kf1 {18} g2+ {9} 38. Nxg2 {13} h2 {15} 0-1

[Event "Championnat de France 2022"]
[Site "ALBI, France"]
[Date "2022.08.19"]
[Round "7.3"]
[White "Smadi, Laurent"]
[Black "Vasselin, Louis"]
[Result "1/2-1/2"]
[WhiteElo "1770"]
[BlackElo "1716"]
[PlyCount "80"]
[EventDate "2022.??.??"]

1. e4 {6} e6 {3} 2. d4 {9} d5 {3} 3. Nc3 {8} dxe4 {4} 4. Nxe4 {15} Nd7 {6} 5.
Nf3 {21} Ngf6 {5} 6. Bd3 {32} Nxe4 {26} 7. Bxe4 {10} Nf6 {3} 8. Bd3 {32} Be7 {
48} 9. Qe2 {113} O-O {224} 10. Bd2 {513} c5 {127} 11. dxc5 {167} Bxc5 {81} 12.
O-O {212} b6 {202} 13. Rad1 {288} Be7 {114} 14. Rfe1 {406} Qc7 {420} 15. Ng5 {
668} h6 {291} 16. Ne4 {130} Bb7 {18} 17. Nxf6+ {399} Bxf6 {14} 18. c3 {20} Rad8
{151} 19. Be4 {517} Bxe4 {388} 20. Qxe4 {7} Rd5 {519} 21. Bf4 {605} Qd7 {124}
22. Rxd5 {70} exd5 {31} 23. Qc2 {765} d4 {321} 24. Qd2 {930} Qa4 {141} 25. cxd4
{46} Qxd4 {360} 26. Qxd4 {74} Bxd4 {5} 27. b3 {6} Rc8 {286} 28. Rc1 {57} Rxc1+
{50} 29. Bxc1 {73} f6 {35} 30. Kf1 {21} Kf7 {16} 31. Ke2 {13} Ke6 {8} 32. f3 {
18} Kd5 {59} 33. Kd3 {28} Be5 {912} 34. f4 {41} Bd6 {59} 35. g3 {49} Bc5 {136}
36. h3 {56} Bf2 {148} 37. g4 {25} Bc5 {139} 38. Bd2 {52} Bd6 {295} 39. Be3 {53}
Bc7 {533} 40. a4 {46} Bd6 {30} 1/2-1/2

[Event "Championnat de France 2022"]
[Site "ALBI, France"]
[Date "2022.08.19"]
[Round "7.4"]
[White "Mania, Clement"]
[Black "Deladerriere, Calypso"]
[Result "1-0"]
[WhiteElo "1793"]
[BlackElo "1674"]
[PlyCount "99"]
[EventDate "2022.??.??"]

1. d4 {25} d5 {18} 2. Bg5 {60} Nf6 {94} 3. Bxf6 {227} exf6 {76} 4. e3 {75} Be6
{186} 5. Nc3 {302} Bb4 {162} 6. Qd2 {182} O-O {85} 7. a3 {33} Ba5 {508} 8. Nge2
{201} c6 {173} 9. Nf4 {59} Qd6 {400} 10. Be2 {173} Re8 {163} 11. Rd1 {204} Bf5
{114} 12. g3 {190} Nd7 {234} 13. h3 Nf8 {443} 14. Bg4 Be4 {580} 15. O-O {749}
Qe7 16. Kh2 {448} Ne6 {216} 17. b4 {447} Nxf4 {725} 18. exf4 {808} Bb6 {209}
19. Rfe1 {85} Qd6 {59} 20. Nxe4 {30} dxe4 {61} 21. c4 {27} Bc7 {367} 22. Bf5 {
147} a5 {214} 23. Bxe4 {27} axb4 {38} 24. axb4 {29} Red8 {98} 25. d5 {90} b6 {
177} 26. Qc3 {352} c5 {144} 27. bxc5 {31} bxc5 {45} 28. Ra1 {28} g6 {368} 29.
Bc2 {63} Kg7 {127} 30. Ba4 {29} Ba5 {26} 31. Qc2 {30} Bxe1 32. Rxe1 Qb6 {109}
33. Bb5 {28} Ra7 {38} 34. Kg2 {12} Rda8 {57} 35. Re2 {62} Ra1 {72} 36. Qb2 {98}
Qd6 {107} 37. Bc6 {16} R8a7 {12} 38. h4 {53} Rd1 {42} 39. Re8 {98} Re7 {42} 40.
Rc8 {117} Rde1 {44} 41. Qb6 {736} f5 {39} 42. Qb2+ {779} Kh6 {642} 43. Qh8 {122
} Ra7 {484} 44. Rg8 {387} f6 {101} 45. Rd8 {41} Qc7 {321} 46. Rd7 {39} Qxd7 {8}
47. Bxd7 {79} Rxd7 {2} 48. Qf8+ {24} Kh5 {39} 49. Qxf6 {154} h6 {41} 50. Qc3 {
30} 1-0

[Event "Championnat de France 2022"]
[Site "ALBI, France"]
[Date "2022.08.19"]
[Round "7.5"]
[White "Milojevic-Daim, Lola-Shaina"]
[Black "Negre, Emilie"]
[Result "1-0"]
[WhiteElo "1671"]
[BlackElo "1722"]
[PlyCount "57"]
[EventDate "2022.??.??"]

1. e4 {5} e5 {2} 2. Nf3 {9} Nc6 {6} 3. d4 {16} exd4 {10} 4. Bc4 {26} Bc5 {18}
5. Ng5 {38} d5 {343} 6. Bxd5 {126} Nh6 {211} 7. Nxf7 {321} Bb4+ {308} 8. c3 {53
} Nxf7 {171} 9. Bxf7+ {44} Kxf7 {28} 10. cxb4 {48} Qe7 {279} 11. O-O {395} Qxb4
{469} 12. b3 {556} Rd8 {978} 13. Ba3 {932} Qb5 {697} 14. f4 {374} Kg8 {512} 15.
Nd2 {1085} a5 {695} 16. f5 {394} Ne5 {732} 17. h3 {535} Qd3 {215} 18. Be7 {731}
Re8 {37} 19. Bg5 {22} Nf7 {178} 20. Bf4 {75} c5 {60} 21. Rf3 {128} Qa6 {21} 22.
Rg3 {28} Ne5 {66} 23. Qh5 {52} Bd7 {21} 24. Bxe5 {88} Rxe5 {16} 25. Nf3 {24}
Re7 {35} 26. e5 {32} Kh8 {26} 27. Ng5 {31} h6 {9} 28. Nf7+ {11} Kh7 {12} 29. f6
{21} 1-0

[Event "Championnat de France 2022"]
[Site "ALBI, France"]
[Date "2022.08.20"]
[Round "8.1"]
[White "Grulier, Ernest"]
[Black "Greuthier, Alois"]
[Result "1/2-1/2"]
[WhiteElo "1712"]
[BlackElo "1715"]
[PlyCount "118"]
[EventDate "2022.??.??"]

1. e4 {3} c6 {2} 2. d4 {15} d5 {1} 3. e5 {12} Bf5 {2} 4. Nf3 {16} e6 {3} 5. Be2
{16} c5 {7} 6. Be3 {33} Qb6 {5} 7. Nc3 {89} Nc6 {10} 8. Na4 {48} Qa5+ {43} 9.
c3 {24} cxd4 {83} 10. Nxd4 {71} Nge7 {260} 11. Nc5 {773} Qc7 {394} 12. f4 {643}
Nxd4 {139} 13. cxd4 {118} Nc6 {110} 14. Rc1 {117} Qa5+ {977} 15. Bd2 {1503} Qb6
{21} 16. Qa4 {420} Bxc5 {206} 17. Rxc5 {76} O-O {197} 18. Bb5 {403} Rfc8 {309}
19. O-O {234} Nxd4 {154} 20. Rxc8+ {249} Rxc8 {7} 21. Be3 {60} Qxb5 {72} 22.
Qxd4 {14} Be4 {1080} 23. Rc1 {96} Rxc1+ {172} 24. Bxc1 {2} Qe2 {445} 25. Qd2 {
68} Qg4 {52} 26. b3 {129} h5 {33} 27. Bb2 {46} b5 {210} 28. Bd4 {80} a6 {24}
29. a4 {74} bxa4 {58} 30. bxa4 {4} Qg6 {45} 31. a5 {77} Bd3 {63} 32. h3 {116}
Qe4 {18} 33. Qe3 {23} Kh7 {84} 34. Qxe4+ {83} Bxe4 {1} 35. g3 {57} Kg6 {39} 36.
Kf2 {130} Kf5 {59} 37. h4 {24} Bc2 {73} 38. Ke3 {24} Kg4 {8} 39. Kf2 {17} Ba4 {
27} 40. Bc3 {33} Kf5 {38} 41. Ke3 {12} Bb5 {11} 42. Bd4 {15} Bf1 {66} 43. Bc3 {
24} f6 {20} 44. Bd4 {41} Bc4 {99} 45. Bc3 {37} Bb3 {4} 46. Bd4 {9} Kg6 {15} 47.
Kd2 {64} Ba4 {23} 48. Ke3 {65} Kf7 {18} 49. Kd2 {30} Ke7 {25} 50. Kc3 {65} Bb5
{38} 51. Kb4 {25} Kf7 {33} 52. Kc3 {18} Bf1 {16} 53. Kd2 {46} Bc4 {31} 54. Kc3
{11} fxe5 {27} 55. Bxe5 {20} g6 {17} 56. Kd4 {44} Ke7 {25} 57. Kc5 {22} Kd7 {6}
58. Bf6 {20} Be2 {25} 59. Be5 {21} Bd3 {13} 1/2-1/2

[Event "Championnat de France 2022"]
[Site "ALBI, France"]
[Date "2022.08.20"]
[Round "8.2"]
[White "Milojevic-Daim, Lola-Shaina"]
[Black "Mania, Clement"]
[Result "1/2-1/2"]
[WhiteElo "1671"]
[BlackElo "1793"]
[PlyCount "218"]
[EventDate "2022.??.??"]

1. e4 {7} e6 {10} 2. d4 {5} d5 {26} 3. exd5 {128} exd5 {83} 4. Nf3 {56} Nc6 {68
} 5. Bd3 {53} Bg4 {155} 6. c3 {125} Bd6 {179} 7. Be3 {421} Nge7 {176} 8. Nbd2 {
320} Qd7 {405} 9. b4 {868} Nf5 {114} 10. Nf1 {552} O-O {230} 11. h3 {205} Bxf3
{381} 12. Qxf3 {44} Nce7 {130} 13. h4 {323} Rfe8 {179} 14. g4 {450} Qc6 {1099}
15. Kd2 {448} Nxe3 {268} 16. Nxe3 {42} a5 {343} 17. b5 {242} Qd7 {72} 18. a4 {
191} c5 {45} 19. bxc6 {73} bxc6 {5} 20. Nf5 {202} c5 {89} 21. Bb5 {356} Nc6 {42
} 22. c4 {171} Qc7 {210} 23. cxd5 {308} Bf4+ {42} 24. Kd1 {24} Nb4 {4} 25. Bxe8
{159} Rxe8 {1} 26. Qc3 {140} Rc8 {148} 27. Re1 {105} Nxd5 {73} 28. Qxc5 {100}
Qb7 {113} 29. Qxd5 {64} Qb2 {9} 30. Ne3 {97} Qxa1+ {508} 31. Ke2 {6} Qb2+ {393}
32. Kf1 {39} g6 {62} 33. h5 {56} Bxe3 {62} 34. Rxe3 {12} Qa1+ {6} 35. Kg2 {29}
Qxa4 {2} 36. Re7 {32} Qc6 {65} 37. Qxc6 {23} Rxc6 {2} 38. Ra7 {23} gxh5 {124}
39. gxh5 {45} Rd6 40. Rxa5 {37} Rxd4 {139} 41. Rg5+ {44} Kf8 {662} 42. Kg3 {123
} f6 {522} 43. Rc5 {124} Kg7 {30} 44. Rc7+ {178} Kh6 {6} 45. Rf7 {82} Kxh5 {406
} 46. Rxh7+ {83} Kg5 {71} 47. Rg7+ {159} Kf5 {130} 48. Rc7 {73} Rd3+ {3} 49. f3
{15} Rd5 {2} 50. Rc4 {292} Ra5 {51} 51. Rf4+ {58} Kg5 {2} 52. Rg4+ {17} Kf5 {2}
53. Rf4+ {8} Ke6 {95} 54. Re4+ {100} Kf7 {22} 55. Rf4 {45} Rb5 {8} 56. Rc4 {39}
Kg6 {4} 57. Rg4+ {118} Kh5 {9} 58. Rh4+ {8} Kg5 {2} 59. Rg4+ {9} Kf5 {1} 60.
Rf4+ {15} Ke6 {8} 61. Re4+ {12} Kf7 {2} 62. Rc4 {17} Rd5 {4} 63. Re4 {143} Kg6
{4} 64. Rg4+ {28} Kh5 {10} 65. Rh4+ {14} Kg5 66. Rg4+ {7} Kf5 {2} 67. Rf4+ {51}
Ke6 {1} 68. Re4+ {36} Kf7 {1} 69. Rc4 {84} Rh5 {7} 70. Rc7+ {122} Kg6 {71} 71.
Rc4 {8} Rf5 {16} 72. Rg4+ {41} Kf7 {1} 73. Rc4 {116} Re5 {37} 74. Rc7+ {64} Kg6
{6} 75. Rc4 {21} Rh5 {5} 76. Rg4+ {74} Kf7 {2} 77. Rc4 {46} Rh1 {174} 78. Kg2 {
55} Rh8 {2} 79. Kg3 {18} Kg6 {3} 80. Rg4+ {20} Kf5 {2} 81. Rf4+ {7} Ke5 {3} 82.
Re4+ {11} Kf5 {2} 83. Rf4+ {2} Ke6 {1} 84. Re4+ {22} Kf7 85. Rc4 {22} Rh1 {9}
86. Kg2 {14} Ra1 {5} 87. Kg3 {27} Kg6 {6} 88. Rg4+ {5} Kh5 {5} 89. Rh4+ {23}
Kg5 {11} 90. Rg4+ {10} Kf5 91. Rf4+ {8} Ke6 92. Re4+ {4} Kf7 {2} 93. Rc4 {10}
Ra2 94. Rc7+ {23} Ke6 {4} 95. Rc6+ {35} Kf7 {8} 96. Rc7+ {9} Kg6 {1} 97. Rc4 {1
} Ra3 {4} 98. Rg4+ {15} Kf7 {1} 99. Rc4 {11} Ra5 {4} 100. Rc7+ {6} Kg6 {5} 101.
Rc4 {4} Rh5 {68} 102. Rg4+ {14} Kf7 103. Rc4 {18} f5 {16} 104. Rc7+ {55} Ke6 {
83} 105. Rc6+ {71} Kd5 {39} 106. Ra6 {9} Ke5 {40} 107. Ra5+ {8} Kf6 {6} 108.
Ra6+ {5} Ke5 {312} 109. Ra5+ {22} Kf6 {761} 1/2-1/2

[Event "Championnat de France 2022"]
[Site "ALBI, France"]
[Date "2022.08.20"]
[Round "8.3"]
[White "Vasselin, Louis"]
[Black "Bourgoin, Cecile"]
[Result "1-0"]
[WhiteElo "1716"]
[BlackElo "1679"]
[PlyCount "63"]
[EventDate "2022.??.??"]

1. e4 {1} e6 {36} 2. b3 {89} d5 {72} 3. Bb2 {5} dxe4 {122} 4. Nc3 {6} Nf6 {333}
5. Qe2 {5} Be7 {462} 6. Nxe4 {21} Nbd7 {440} 7. g4 {238} Nxe4 {137} 8. Qxe4 {10
} Bf6 {33} 9. d4 {53} Nc5 {1119} 10. Qe2 {396} Qd5 {205} 11. Nf3 {250} b6 {39}
12. O-O-O {244} Bb7 {603} 13. Bg2 {203} Bg5+ {76} 14. Kb1 {236} Ba6 {556} 15.
Qe1 {455} Nb7 {27} 16. c4 {73} Qd8 {80} 17. Nxg5 {277} Qxg5 {17} 18. Bc6+ {5}
Kf8 {45} 19. Qb4+ {207} Qe7 {70} 20. Qa4 {44} Rd8 {401} 21. Ba3 {165} Nd6 {26}
22. Qxa6 {7} Kg8 {222} 23. c5 {257} bxc5 {75} 24. dxc5 {11} Ne8 {43} 25. Rxd8 {
407} Qxd8 {7} 26. Bxe8 {13} Qxe8 {5} 27. Rd1 {7} h6 {10} 28. Qd3 {107} Qc6 {9}
29. Qc2 {44} Qe8 {38} 30. c6 {46} g6 {49} 31. Bb2 {16} Rh7 {32} 32. Bf6 {3} 1-0

[Event "Championnat de France 2022"]
[Site "ALBI, France"]
[Date "2022.08.20"]
[Round "8.4"]
[White "Vayanos, George Marwan"]
[Black "Lebret, Loriane"]
[Result "1/2-1/2"]
[WhiteElo "1701"]
[BlackElo "1779"]
[PlyCount "76"]
[EventDate "2022.??.??"]

1. e4 {4} e5 {14} 2. Nf3 {37} Nc6 {7} 3. Bc4 {29} Nf6 {6} 4. d3 {56} h6 {24} 5.
Nc3 {104} d6 {118} 6. Be3 {129} Bg4 {169} 7. Qe2 {367} a6 {670} 8. a3 {633} Nd4
{561} 9. Bxd4 {35} exd4 {2} 10. Nd1 {192} Nd7 {224} 11. h3 {55} Bxf3 {120} 12.
Qxf3 {2} Ne5 {16} 13. Qe2 {83} Qf6 {408} 14. Ba2 {267} O-O-O {567} 15. c3 {192}
Nc6 {284} 16. O-O {51} Be7 {147} 17. f4 {160} Qh4 {257} 18. Bxf7 {170} Rhf8 {
173} 19. Be6+ {10} Kb8 20. Qg4 {65} Qxg4 {101} 21. hxg4 {85} Rf6 {120} 22. Bd5
{40} Rdf8 {233} 23. Bxc6 {92} bxc6 {1} 24. f5 {52} c5 {100} 25. Rc1 {91} R6f7 {
56} 26. cxd4 {138} cxd4 {11} 27. Rc4 {162} Bf6 {169} 28. Nf2 {21} g6 {409} 29.
Rfc1 {206} Bg5 {108} 30. R1c2 {96} Be3 {13} 31. Kh2 {44} gxf5 {106} 32. gxf5 {
163} Rg8 {85} 33. Rb4+ {502} Ka7 {304} 34. Nd1 {220} Bf4+ {73} 35. Kg1 {47} Be5
{8} 36. Rbc4 {192} Kb7 {19} 37. Rb4+ {136} Ka7 {31} 38. Rbc4 {24} Kb7 {7}
1/2-1/2

[Event "Championnat de France 2022"]
[Site "ALBI, France"]
[Date "2022.08.20"]
[Round "8.5"]
[White "Lion, Pierre"]
[Black "Smadi, Laurent"]
[Result "1-0"]
[WhiteElo "1690"]
[BlackElo "1770"]
[PlyCount "33"]
[EventDate "2022.??.??"]

1. e4 {2} e5 {20} 2. Nf3 {6} Nc6 {4} 3. Bc4 {3} Bc5 {7} 4. O-O {4} Nf6 {24} 5.
d4 {7} Bxd4 {136} 6. Nxd4 {321} Nxd4 {122} 7. Bg5 {53} h6 {269} 8. Bh4 {17} g5
{239} 9. f4 {298} d5 {1745} 10. exd5 {1162} Nxd5 {814} 11. fxe5 {555} Nf4 {1186
} 12. Rxf4 {179} Ne6 {139} 13. Qh5 {280} Qd7 {138} 14. Bxe6 {79} Qxe6 {42} 15.
Rf6 {96} Qxe5 {143} 16. Qxf7+ {146} Kd8 {23} 17. Nc3 {39} 1-0

[Event "Championnat de France 2022"]
[Site "ALBI, France"]
[Date "2022.08.21"]
[Round "9.1"]
[White "Greuthier, Alois"]
[Black "Vasselin, Louis"]
[Result "1-0"]
[WhiteElo "1715"]
[BlackElo "1716"]
[PlyCount "61"]
[EventDate "2022.??.??"]

1. e4 {2} e6 {5} 2. d4 {5} d5 {3} 3. Nc3 {5} dxe4 {5} 4. Nxe4 {15} Nd7 {4} 5.
Nf3 {6} Ngf6 {4} 6. Nxf6+ {8} Nxf6 {3} 7. Be3 {12} Bd6 {145} 8. Bd3 {25} Qe7 {
164} 9. Qe2 {82} h6 {62} 10. O-O-O {56} Nd5 {250} 11. Rhe1 {124} Bd7 {133} 12.
c4 {236} Nf4 {79} 13. Bxf4 {8} Bxf4+ {4} 14. Kb1 {5} O-O-O {595} 15. Qe4 {159}
Bg5 {34} 16. Ne5 {1336} Bf6 {164} 17. Be2 {204} Bxe5 {325} 18. Qxe5 {16} f6 {
419} 19. Qa5 {38} Kb8 {71} 20. Bf3 {80} Bc8 {72} 21. Re3 {332} c6 {844} 22. Ra3
{825} a6 {18} 23. Rb3 {88} Ka8 {47} 24. Qb6 {444} Qd7 {344} 25. Rdd3 {658} Rde8
{252} 26. Ra3 {75} Re7 {51} 27. Rxa6+ {27} bxa6 {122} 28. Bxc6+ {25} Qxc6 {7}
29. Qxc6+ {3} Bb7 {3} 30. Qd6 {105} Ree8 {36} 31. Re3 {48} 1-0

[Event "Championnat de France 2022"]
[Site "ALBI, France"]
[Date "2022.08.21"]
[Round "9.2"]
[White "Mania, Clement"]
[Black "Grulier, Ernest"]
[Result "0-1"]
[WhiteElo "1793"]
[BlackElo "1712"]
[PlyCount "96"]
[EventDate "2022.??.??"]

1. b3 {57} d5 {25} 2. Bb2 {15} Bg4 {12} 3. f3 {315} Bh5 {421} 4. Nh3 {299} e6 {
322} 5. Nf4 {66} Nf6 {47} 6. e3 {89} Bd6 {225} 7. Qe2 {78} c6 {661} 8. d3 {340}
d4 {733} 9. g4 {255} Bg6 {1107} 10. Nxg6 {394} hxg6 {33} 11. Bxd4 {29} Qc7 {218
} 12. h3 {267} Bg3+ {269} 13. Kd1 {87} e5 {334} 14. Bb2 {172} Na6 {184} 15. Nd2
{424} O-O-O {40} 16. Kc1 {30} Bh4 {74} 17. Nc4 {328} Rhe8 {42} 18. Kb1 {268}
Nd5 {61} 19. a4 {328} f5 {101} 20. gxf5 {569} gxf5 {22} 21. Bg2 {28} Bf6 {77}
22. a5 {159} Kb8 {175} 23. Rd1 {440} Nc5 {242} 24. Qd2 {89} Bg5 {176} 25. Ka2 {
107} f4 {42} 26. e4 {72} Ne3 {22} 27. Nxe3 {136} fxe3 {2} 28. Qe1 {1} Ne6 {64}
29. h4 {71} Bf4 {24} 30. Bc1 {25} Nd4 {79} 31. Bxe3 {137} Nxc2 {63} 32. Bxa7+ {
123} Kxa7 {39} 33. Qf2+ Nd4 {3} 34. Kb2 {5} Kb8 {70} 35. a6 {60} Qb6 {72} 36.
a7+ {58} Ka8 {15} 37. Ra3 {2} Qb4 {40} 38. Bh3 {44} Nb5 {72} 39. Ra4 {2} Qc3+ {
36} 40. Ka2 {8} Rxd3 {49} 41. Rc4 {163} Qa5+ {46} 42. Ra4 {7} Nc3+ {30} 43. Ka3
{1} Qxa4+ {30} 44. bxa4 {43} Nxd1+ {19} 45. Kb4 {26} Nxf2 {11} 46. h5 {46} b6 {
58} 47. Bf5 {43} Red8 {10} 48. a5 {34} R8d4# {7} 0-1

[Event "Championnat de France 2022"]
[Site "ALBI, France"]
[Date "2022.08.21"]
[Round "9.3"]
[White "Contie, Lilio"]
[Black "Lion, Pierre"]
[Result "0-1"]
[WhiteElo "1735"]
[BlackElo "1690"]
[PlyCount "100"]
[EventDate "2022.??.??"]

1. e4 {2} c5 {218} 2. c3 {31} Nf6 {17} 3. e5 {6} Nd5 {3} 4. d4 {8} cxd4 {7} 5.
Nf3 {6} d6 {5} 6. cxd4 {44} Nc6 {86} 7. Bc4 {16} Nb6 {7} 8. Bb5 {8} a6 {89} 9.
Bxc6+ {25} bxc6 {4} 10. Qc2 {74} Bd7 {61} 11. O-O {180} Rc8 {450} 12. Re1 {150}
c5 {276} 13. exd6 {233} e6 {318} 14. dxc5 {196} Bxd6 {39} 15. b4 {28} Nd5 {40}
16. Qe4 {139} Be7 {220} 17. Bb2 {152} O-O {296} 18. Ne5 {155} Rb8 {243} 19. a3
{182} a5 {16} 20. Nxd7 {211} Qxd7 {61} 21. Nc3 {189} Bxc5 {684} 22. Rad1 {515}
axb4 {312} 23. Nxd5 {142} exd5 {101} 24. Rxd5 {150} Qa7 {508} 25. Qg4 {275}
Bxf2+ {175} 26. Kf1 {76} f5 {33} 27. Qc4 {180} Kh8 {317} 28. Ra1 {73} Bg1 {128}
29. Qh4 {169} Qf7 {908} 30. Rd3 {266} Bc5 {109} 31. Rad1 {258} f4 {56} 32. Qg5
{230} Be7 {131} 33. Qg4 {219} bxa3 {13} 34. Bxa3 {184} Bxa3 {47} 35. Rxa3 {24}
Qc4+ {15} 36. Rad3 {54} Rb3 {46} 37. Qe2 {25} Rxd3 {58} 38. Rxd3 {25} Rg8 {102}
39. h3 {36} h6 {13} 40. Kg1 {30} Qc1+ {50} 41. Kh2 {84} Qc7 {17} 42. Kg1 {49}
Rb8 {349} 43. Rd1 {36} Qc5+ {49} 44. Kh1 {14} Qf5 {46} 45. Rf1 {47} Rb3 {96}
46. Qd1 {111} Rb2 {92} 47. Qf3 {33} Rb4 {173} 48. Re1 {27} Kh7 {40} 49. Re8 {20
} Qg6 {287} 50. Qa8 {27} Rb1+ {84} 0-1

[Event "Championnat de France 2022"]
[Site "ALBI, France"]
[Date "2022.08.21"]
[Round "9.4"]
[White "Cochennec, Morgat"]
[Black "Verat-Fayolle, Celian"]
[Result "0-1"]
[WhiteElo "1649"]
[BlackElo "1720"]
[PlyCount "82"]
[EventDate "2022.??.??"]

1. e4 {236} e5 {15} 2. Nf3 {29} Nc6 {12} 3. Nc3 {46} Nf6 {20} 4. d4 {9} exd4 {
21} 5. Nd5 {11} Be7 {185} 6. Bf4 {41} d6 {86} 7. Nxd4 {60} Nxe4 {698} 8. Nb5 {
101} O-O {222} 9. Nbxc7 {20} Rb8 {16} 10. Bc4 {623} Be6 {612} 11. O-O {565} Rc8
{583} 12. Nxe7+ {1182} Qxe7 {63} 13. Nd5 {91} Qh4 {90} 14. g3 {370} Qh3 {109}
15. Re1 {243} Nxf2 {475} 16. Qd2 {1139} Ng4 {103} 17. Qg2 {282} Qxg2+ {221} 18.
Kxg2 {2} Nd4 {699} 19. Ne7+ {104} Kh8 {4} 20. Nxc8 {35} Bxc4 {23} 21. Nxd6 {265
} Bd5+ {40} 22. Ne4 {280} Nxc2 {136} 23. Kh3 {118} h5 {669} 24. Nc3 {42} Bc6 {
165} 25. Rac1 {48} Nxe1 {7} 26. Rxe1 {5} f6 {25} 27. Bc1 {230} g5 {70} 28. Re2
{43} Kg7 {36} 29. Nd1 {28} Bf3 {65} 30. Re7+ {30} Kg6 {14} 31. Bxg5 {38} fxg5 {
21} 32. Re6+ {32} Kf7 {27} 33. Rd6 {30} Bxd1 {25} 34. Kg2 {6} Ke7 {26} 35. Rg6
{46} Rf2+ {36} 36. Kg1 {4} Rxb2 {22} 37. Rxg5 {10} Rxa2 {29} 38. Rxh5 {12} Rxh2
{20} 39. Rg5 {36} Bf3 {37} 40. Rf5 {87} Rg2+ {19} 41. Kh1 {8} Nf2# {9} 0-1

[Event "Championnat de France 2022"]
[Site "ALBI, France"]
[Date "2022.08.21"]
[Round "9.5"]
[White "Lebret, Loriane"]
[Black "Milojevic-Daim, Lola-Shaina"]
[Result "1-0"]
[WhiteElo "1779"]
[BlackElo "1671"]
[PlyCount "65"]
[EventDate "2022.??.??"]

1. e4 {2} c5 {9} 2. c3 {5} e5 {12} 3. Nf3 {5} Nc6 {21} 4. Bc4 {6} Be7 {86} 5.
d3 {414} Nf6 {345} 6. O-O {343} O-O {253} 7. Re1 {90} d6 {127} 8. a4 {169} Na5
{463} 9. Ba2 {75} Be6 {63} 10. Bxe6 {752} fxe6 {12} 11. b4 {174} cxb4 {188} 12.
cxb4 {3} Nc6 {9} 13. Qb3 {35} d5 {316} 14. Bd2 {498} Rc8 {712} 15. Na3 {374} a6
{509} 16. Nc2 {304} Kh8 {434} 17. b5 {313} dxe4 {562} 18. dxe4 {81} Na7 {164}
19. Rad1 {192} Qe8 {253} 20. bxa6 {176} bxa6 {107} 21. Nxe5 {35} Bc5 {346} 22.
Be3 {599} Nxe4 {738} 23. Bxc5 {133} Nxc5 {9} 24. Qh3 {582} Nxa4 {243} 25. Nd4 {
112} Rf6 {116} 26. Ndf3 {171} Rc3 {63} 27. Qh4 {130} Kg8 {43} 28. Ng4 {67} Rf8
{32} 29. Ng5 {67} Qg6 {12} 30. Nxe6 {111} Re8 {43} 31. Rd8 {49} Qxe6 {26} 32.
Rxe8+ {21} Kf7 {15} 33. R8xe6 {14} 1-0